Top 50 imion żeńskich 101-150 - Statystyki

Ogólne statystyki
  • Ten quiz został rozwiązany 17 razy
  • Średni wynik to 7 z 50
Statystyki odpowiedzi
Miejsce Liczba mieszkanek Imię % Poprawnych
114 26917 Róża
40%
120 22142 Rozalia
40%
142 12483 Elwira
33%
134 15662 Honorata
33%
113 27072 Żaneta
33%
116 25179 Anastazja
27%
132 16325 Aurelia
27%
122 21891 Julita
27%
129 18385 Magda
27%
108 30719 Malwina
27%
105 33238 Sara
27%
125 19808 Bronisława
20%
130 17584 Celina
20%
119 22267 Leokadia
20%
133 15699 Paula
20%
148 11397 Tatiana
20%
123 20816 Aldona
13%
118 22575 Bernadeta
13%
115 25332 Cecylia
13%
101 36042 Czesława
13%
110 29003 Eliza
13%
124 19863 Eugenia
13%
150 10249 Judyta
13%
135 14751 Kalina
13%
109 30451 Klara
13%
121 22122 Lilianna
13%
138 13630 Marika
13%
126 19147 Nela
13%
140 13077 Sonia
13%
103 34439 Władysława
13%
117 24654 Zdzisława
13%
131 16497 Adriana
7%
102 34920 Adrianna
7%
146 11817 Andżelika
7%
112 27239 Blanka
7%
137 14180 Brygida
7%
107 31802 Dagmara
7%
145 11904 Gertruda
7%
136 14477 Izabella
7%
111 27258 Kaja
7%
147 11439 Luiza
7%
149 10794 Mariana
7%
143 12269 Marzanna
7%
144 12188 Mieczysława
7%
106 32097 Roksana
7%
104 34309 Wioleta
7%
127 18833 Daniela
0%
128 18597 Matylda
0%
141 13014 Polina
0%
139 13327 Tamara
0%
Nie znaleziono quizów pasujących do podanych kryteriów
Rozkład punktacji
Procent ludzi z każdym wynikiem
Percentyl według liczby udzielonych odpowiedzi
Twoja historia wyników
Nie rozwiązałeś tego quizu